00978nam a22002657a 4500003000500000005001700005008004100022010000900063011000900072035000900081040000900090100003700099245022300136260004200359300001900401502008000420650001600500650002300516650003700539650003700576650002600613650002100639650002400660650002800684CHAP20220329133115.0971013s1991 r 00010 d a2221 a3193 a2393 cCHAP00aRivas Santoyo, Francisco José. aAlelopatía de algunas plantas arvenses y cultivadas y su efecto sobre la patogenicidad de Pythium ultimum Trow. en maíz, Rhizoctonia solani Kuhn en frijol y Xanthomonas campestris pv. campestris (Pam) Dowson en col aMontecillo, Méx. :bEl Autor,c1991 a34 h.b: ilus. aTesis (M.C. Esp. en Fitopatología) -- C.P. Centro de FitopatologíaD44-314aAlelopatia.14aColxEnfermedades.14aFrijolxEnfermedades por hongos.14aMaízxEnfermedades por hongos.14aPlantasxCompetencia.14aPythium ultimun.14aRhizoctonia solani.14aXanthomonas campestris.